000 00258nam a22001217a 4500
008 181015b xxu||||| |||| 00| 0 eng d
041 _aeng
080 _a910
100 _a43
101 _aART
245 _aexperimental Design
_cKirk.R.E
942 _2udc
_cBK
999 _c49799
_d49799